[Event "Marianske Lazne op 18th"]
[Site "Marianske Lazne"]
[Date "2019.01.19"]
[Round "1"]
[White "Khairullin, Amir"]
[Black "Gumenniy, Evgeny"]
[Result "1/2-1/2"]
[WhiteElo "1402"]
[BlackElo "2004"]
[PlyCount "79"]
[EventDate "2019.01.19"]
[EventType "swiss"]
[EventRounds "9"]
[EventCountry "CZE"]
[SourceTitle "CBM 188 Extra"]
[Source "ChessBase"]
[SourceDate "2019.02.26"]
[SourceVersion "1"]
[SourceVersionDate "2019.02.26"]
[SourceQuality "1"]

1. d4 d5 2. c4 e6 3. Nf3 c6 4. g3 Bb4+ 5. Bd2 Be7 6. Bg2 Nd7 7. Qc2 Ngf6 8. 0-0 Ne4 9. Bc1 0-0 10. Nbd2 f5 11. Bh3 Nd6 12. Re1 g5 13. g4 h5 14. gxf5 exf5 15. c5 Ne4 16. Nxe4 fxe4 17. Kh1 Kh8 18. Rg1 Rg8 19. Be6 Rg7 20. Nxg5 Bxg5 21. Bxg5 Rxg5 22. Qd2 Rxg1+ 23. Rxg1 Qf6 24. Rg5 Qxe6 25. Rxh5+ Kg7 26. Qg5+ Qg6 27. Qe7+ Kg8 28. Rg5 Nf8 29. Rxg6+ Nxg6 30. Qd8+ Kg7 31. h4 Nxh4 32. Qe7+ Kg6 33. Qxh4 Bf5 34. Qg3+ Kf6 35. Qd6+ Be6 36. Qe5+ Kf7 37. Qc7+ Kf6 38. Qf4+ Ke7 39. Qd6+ Kf6 40. Qf4+ 1/2-1/2